Differences in home-range size between sexes of Microtus ochrogaster (Registro nro. 9542)

Detalles MARC
000 -CABECERA
Campo de control 005510000a22001810004500
090 ## - CLASIFICACIÓN LOCAL
Colección AR
Consecutivo 00446
041 0# - IDIOMA
Código de idioma para texto/pista de sonido o título separado
100 1# - ASIENTO PRINCIPAL--NOMBRE PERSONAL
Nombre personal Swihart, Robert K.
245 10 - MENCION DE TITULO
Título Differences in home-range size between sexes of Microtus ochrogaster
650 14 - ASIENTO SECUNDARIO DE MATERIA - TERMINO TEMATICO
Término temático o nombre geográfico como elemento de entrada Uso del habitat
650 14 - ASIENTO SECUNDARIO DE MATERIA - TERMINO TEMATICO
Término temático o nombre geográfico como elemento de entrada Distribución
650 14 - ASIENTO SECUNDARIO DE MATERIA - TERMINO TEMATICO
Término temático o nombre geográfico como elemento de entrada Evolución
650 14 - ASIENTO SECUNDARIO DE MATERIA - TERMINO TEMATICO
Término temático o nombre geográfico como elemento de entrada Morfometría
653 ## - TERMINO DE INDIZACION - NO CONTROLADO
-- Microtus
-- Microtus ochrogaster
700 1# - ASIENTO SECUNDARIO - NOMBRE PERSONAL
Nombre personal Slade, Norman A.
773 1# - Item fuente:
Título Journal of Mammalogy
Especificación de materiales 106
Descripción física 4
Paginas del Articulo 816-820
Lugar, editorial y fecha de publicación 1989
Información sobre la relación 70
942 ## - ELEMENTOS ADICIONALES (KOHA)
Tipo de ítem Artículo
Existencias
Withdrawn status Lost status Damaged status No para préstamo Colección Ubicación Permanente Ubicación actual Fecha de adquisición Datos de publicación Seriada Total Checkouts Número topográfico Inventario / Código de Barras Date last seen Ejemplar Price effective from Forma de adquisición Tipo de material
      No para Préstamo Hemeroteca Bogotá Bogotá 27/02/2015 Fuera de circulación   AR 00446 010730 25/03/2015 1 25/03/2015   Artículo
      No para Préstamo Hemeroteca Bogotá Bogotá 27/02/2015 Fuera de circulación   AR 00446 010731 25/03/2015 2 25/03/2015   Artículo